[Event "Asturias-ch Primera"]
[Site "Oviedo"]
[Date "2005.01.29"]
[Round "2"]
[White "Diez Maniega, Victor"]
[Black "San Claudio Gonzalez, Francisco Javier"]
[Result "0-1"]
[WhiteElo "1955"]
[BlackElo "2297"]
[PlyCount "50"]
[EventDate "2005.01.22"]
[EventType "swiss"]
[EventRounds "11"]
[EventCountry "ESP"]
[SourceTitle "EXT 2006"]
[Source "ChessBase"]
[SourceDate "2005.11.24"]
[SourceVersion "1"]
[SourceVersionDate "2005.11.24"]
[SourceQuality "1"]

1. e4 e5 2. Nf3 Nc6 3. d4 exd4 4. Bc4 Be7 5. 0-0 d6 6. c3 Nf6 7. Re1 dxc3 8. Nxc3 0-0 9. Bg5 Bg4 10. Be2 Re8 11. h3 Be6 12. Bb5 a6 13. Ba4 b5 14. Bb3 h6 15. Bxe6 fxe6 16. Bf4 e5 17. Be3 Na5 18. a4 c6 19. b4 Nc4 20. Qb3 Kh7 21. Rad1 Rf8 22. Nxe5 Nxe5 23. f4 Nc4 24. e5 Nd7 25. f5 Ndxe5 0-1

[Event "Asturias-chT Preferente 0304"]
[Site "Asturias"]
[Date "2003.12.27"]
[Round "7"]
[White "Castelao Rodriguez, Samuel"]
[Black "San Claudio Gonzalez, Francisco Javier"]
[Result "1/2-1/2"]
[WhiteElo "2153"]
[BlackElo "2297"]
[PlyCount "108"]
[EventDate "2003.??.??"]
[EventType "team"]
[EventRounds "7"]
[EventCountry "ESP"]
[SourceTitle "EXT 2007"]
[Source "ChessBase"]
[SourceDate "2006.11.23"]
[SourceVersion "1"]
[SourceVersionDate "2006.11.23"]
[SourceQuality "1"]

1. d4 Nf6 2. c4 g6 3. Nc3 d5 4. Nf3 Bg7 5. Bg5 Ne4 6. cxd5 Nxg5 7. Nxg5 e6 8. Nf3 exd5 9. e3 0-0 10. b4 Qd6 11. Qb3 Nc6 12. b5 Ne7 13. Be2 c5 14. Qa3 b6 15. 0-0 Qf6 16. Rac1 cxd4 17. Nxd4 Bb7 18. Bf3 a5 19. Nc6 Nxc6 20. Nxd5 Qb2 21. Qxb2 Bxb2 22. bxc6 Ba6 23. Rc2 Bxf1 24. Kxf1 Ba3 25. c7 Rac8 26. Nxb6 Bd6 27. Nxc8 Rxc8 28. Rc6 Be5 29. Rc5 f6 30. Bd5+ Kf8 31. Rxa5 Rxc7 32. f4 Bc3 33. Ra8+ Kg7 34. Ke2 f5 35. Rb8 Kh6 36. Rb7 Rc8 37. a4 Rd8 38. Rb5 Rd7 39. Kd3 Bf6 40. a5 Rd6 41. Kc4 Bd8 42. Rc5 Ra6 43. Rb5 Rxa5 44. Rb7 Bf6 45. h3 Ra3 46. Bg8 g5 47. Rb6 Kg7 48. Bxh7 Rxe3 49. fxg5 Bd8 50. Rb8 Bxg5 51. Bxf5 Re2 52. g4 Re3 53. Rb7+ Kf6 54. Rb6+ Ke5 1/2-1/2

[Event "Asturias-chT Preferente 0304"]
[Site "Asturias"]
[Date "2003.11.15"]
[Round "2"]
[White "San Claudio Gonzalez, Francisco Javier"]
[Black "Melero Morales, Javier Antonio"]
[Result "1-0"]
[WhiteElo "2297"]
[BlackElo "2107"]
[PlyCount "125"]
[EventDate "2003.??.??"]
[EventType "team"]
[EventRounds "7"]
[EventCountry "ESP"]
[SourceTitle "EXT 2007"]
[Source "ChessBase"]
[SourceDate "2006.11.23"]
[SourceVersion "1"]
[SourceVersionDate "2006.11.23"]
[SourceQuality "1"]

1. e4 c5 2. Nf3 d6 3. c3 Nf6 4. e5 dxe5 5. Nxe5 a6 6. Bc4 e6 7. 0-0 Qc7 8. Re1 Bd6 9. d4 0-0 10. Bb3 Nc6 11. Nxc6 Qxc6 12. Bg5 Nd5 13. Nd2 Qc7 14. Nf3 c4 15. Bc2 b5 16. Qe2 f5 17. Bd2 Bd7 18. Ne5 Rae8 19. a4 Bc8 20. axb5 axb5 21. Ra2 Bb7 22. Rea1 Bxe5 23. Qxe5 Qxe5 24. dxe5 Ra8 25. f3 Rxa2 26. Rxa2 Ra8 27. Rxa8+ Bxa8 28. Kf2 Bc6 29. Ke2 Kf7 30. g3 h6 31. h4 h5 32. Bd1 Ke7 33. Be3 Kf8 34. Kd2 Kg8 35. Be2 Be8 36. Bg5 Kf8 37. Kc2 Bc6 38. b3 cxb3+ 39. Kxb3 Kf7 40. Kc2 Kf8 41. Bd2 Kf7 42. Kd3 Nc7 43. Kd4 Na6 44. Bc1 Bd7 45. Ba3 Bc6 46. Bd6 g6 47. c4 bxc4 48. Bxc4 Bb7 49. Bb5 Kg7 50. f4 Kf7 51. Kc3 Kg7 52. Kb3 Kf7 53. Ka4 Bc8 54. Ka5 Bb7 55. Bd7 Bd5 56. Kxa6 Bb3 57. Kb6 Bc4 58. Kc7 Bb3 59. Kd8 Bd5 60. Be8+ Kg7 61. Ke7 Bc4 62. Bf7 Bb3 63. Bxe6 1-0

[Event "Asturias-chT Preferente 0304"]
[Site "Asturias"]
[Date "2003.11.08"]
[Round "1"]
[White "Rodriguez Madrono, Joel"]
[Black "San Claudio Gonzalez, Francisco Javier"]
[Result "0-1"]
[WhiteElo "2011"]
[BlackElo "2297"]
[PlyCount "66"]
[EventDate "2003.??.??"]
[EventType "team"]
[EventRounds "7"]
[EventCountry "ESP"]
[SourceTitle "EXT 2007"]
[Source "ChessBase"]
[SourceDate "2006.11.23"]
[SourceVersion "1"]
[SourceVersionDate "2006.11.23"]
[SourceQuality "1"]

1. Nf3 Nf6 2. d4 g6 3. c4 Bg7 4. Nc3 d5 5. Bg5 c6 6. Bxf6 Bxf6 7. cxd5 cxd5 8. Qb3 e6 9. e3 0-0 10. Be2 Nc6 11. 0-0 Bd7 12. Rfc1 Na5 13. Qd1 Qb6 14. Rab1 Rac8 15. b4 Nc4 16. Na4 Bxa4 17. Qxa4 Rc7 18. Bxc4 dxc4 19. Rc3 Rfc8 20. Rbc1 a6 21. Rb1 Qb5 22. Qc2 Qc6 23. Nd2 b5 24. f4 Be7 25. a4 f5 26. a5 g5 27. fxg5 Bxg5 28. Nf3 Bf6 29. Qf2 Rg7 30. Nd2 Kh8 31. g3 Rg4 32. Rbc1 Qd6 33. Nf3 Qxb4 0-1

[Event "Asturias-ch"]
[Site "Oviedo"]
[Date "2003.04.12"]
[Round "11.10"]
[White "Cascudo Pueyo, Ignacio"]
[Black "San Claudio Gonzalez, Francisco Javier"]
[Result "1/2-1/2"]
[WhiteElo "2067"]
[BlackElo "2293"]
[PlyCount "107"]
[EventDate "2003.02.22"]
[EventType "swiss"]
[EventRounds "11"]
[EventCountry "ESP"]
[SourceTitle "EXT 2004"]
[Source "ChessBase"]
[SourceDate "2003.11.25"]
[SourceVersion "1"]
[SourceVersionDate "2003.11.25"]
[SourceQuality "1"]

1. e4 e5 2. Nf3 Nc6 3. c3 Nf6 4. d4 Nxe4 5. d5 Ne7 6. Nxe5 Ng6 7. Qd4 Qe7 8. Qxe4 Qxe5 9. Qxe5+ Nxe5 10. Nd2 b6 11. Nc4 Ng6 12. Be3 Be7 13. Be2 0-0 14. 0-0 d6 15. Na3 a6 16. Nc2 Bb7 17. c4 Bf6 18. Rab1 Rfe8 19. Rfe1 Bc8 20. Nd4 Bd7 21. b3 Re7 22. Bd3 Rae8 23. Bf5 Bxf5 24. Nxf5 Re5 25. Bd2 Kf8 26. Ng3 Rxe1+ 27. Rxe1 Rxe1+ 28. Bxe1 Nf4 29. Kf1 Bb2 30. Bd2 Nd3 31. Ke2 Nc1+ 32. Bxc1 Bxc1 33. Kd3 g6 34. Ne2 Bh6 35. b4 Bg7 36. a4 Ke7 37. Nc1 Kd7 38. Nb3 Kc8 39. Nd2 f5 40. Nf3 Bf6 41. Ke3 Kd7 42. Kf4 Ke7 43. Ng5 Bc3 44. Ne6 Bxb4 45. Nxc7 Bd2+ 46. Kg3 Kd7 47. Ne6 Ke7 48. h4 h6 49. Kf3 a5 50. Ke2 Bb4 51. Nd4 Kf6 52. f4 Ba3 53. Nb5 Bc5 54. Kf3 1/2-1/2

[Event "Asturias-ch"]
[Site "Oviedo"]
[Date "2003.04.05"]
[Round "9.13"]
[White "Gomez Alvarez, Francisco Fernando"]
[Black "San Claudio Gonzalez, Francisco Javier"]
[Result "1/2-1/2"]
[WhiteElo "2079"]
[BlackElo "2293"]
[PlyCount "108"]
[EventDate "2003.02.22"]
[EventType "swiss"]
[EventRounds "11"]
[EventCountry "ESP"]
[SourceTitle "EXT 2004"]
[Source "ChessBase"]
[SourceDate "2003.11.25"]
[SourceVersion "1"]
[SourceVersionDate "2003.11.25"]
[SourceQuality "1"]

1. e4 e5 2. Nf3 Nc6 3. d4 exd4 4. Nxd4 Bc5 5. Be3 Qf6 6. c3 Nge7 7. Bb5 Nxd4 8. cxd4 Bb4+ 9. Nc3 0-0 10. 0-0 c6 11. Bd3 d5 12. Qc2 Bxc3 13. bxc3 dxe4 14. Bxe4 Bf5 15. f3 Nd5 16. Bd2 Bg6 17. Qb3 Nb6 18. a4 Bxe4 19. fxe4 Qe6 20. Qxe6 fxe6 21. Bg5 Rxf1+ 22. Kxf1 h6 23. Bc1 Nc4 24. Ke2 Rf8 25. Rb1 b6 26. Kd3 Na5 27. Be3 Rd8 28. c4 Nb7 29. Bd2 e5 30. d5 Nc5+ 31. Ke3 cxd5 32. exd5 Nxa4 33. Ke4 Rc8 34. Kxe5 Rxc4 35. Rb4 Rxb4 36. Bxb4 Kf7 37. Kd6 a5 38. Bd2 Nc5 39. Kc7 a4 40. Kxb6 Nd7+ 41. Kc6 Ne5+ 42. Kc7 Ke7 43. Bc3 Nf7 44. d6+ Ke6 45. d7 g5 46. g4 a3 47. d8Q Nxd8 48. Kxd8 Kd5 49. Ke7 Ke4 50. Kf6 Kf4 51. Kg6 Kxg4 52. Kxh6 Kh3 53. Be5 g4 54. Kh5 a2 1/2-1/2

[Event "Asturias-ch"]
[Site "Oviedo"]
[Date "2003.03.01"]
[Round "3.2"]
[White "Guerrero Olmos, Sergio"]
[Black "San Claudio Gonzalez, Francisco Javier"]
[Result "1/2-1/2"]
[WhiteElo "2135"]
[BlackElo "2293"]
[PlyCount "86"]
[EventDate "2003.02.22"]
[EventType "swiss"]
[EventRounds "11"]
[EventCountry "ESP"]
[SourceTitle "EXT 2004"]
[Source "ChessBase"]
[SourceDate "2003.11.25"]
[SourceVersion "1"]
[SourceVersionDate "2003.11.25"]
[SourceQuality "1"]

1. d4 c5 2. c3 cxd4 3. cxd4 d5 4. Nc3 Nc6 5. Nf3 Nf6 6. Bf4 Qb6 7. Qb3 Qxb3 8. axb3 e6 9. e3 Bb4 10. Bd3 0-0 11. 0-0 Bd7 12. h3 a6 13. Rac1 Rac8 14. Na2 Be7 15. Ne5 h6 16. Nxc6 Rxc6 17. Rxc6 Bxc6 18. Rc1 Nd7 19. f3 f6 20. Bg3 Kf7 21. e4 g6 22. Be1 f5 23. Nb4 Bg5 24. Rc2 dxe4 25. fxe4 Be3+ 26. Bf2 fxe4 27. Bxe3 exd3 28. Nxd3 g5 29. Rf2+ Ke7 30. h4 Rxf2 31. Kxf2 Kf6 32. hxg5+ hxg5 33. Ne5 Nb6 34. Nxc6 bxc6 35. Kf3 Kf5 36. g4+ Kf6 37. Ke4 Nc8 38. Bd2 Nd6+ 39. Kd3 Nf7 40. Ke4 Nh6 41. Kf3 Nf7 42. Bc3 Ke7 43. Ke4 Nd6+ 1/2-1/2

[Event "Asturias-ch Preferente"]
[Site "Gijon"]
[Date "2002.03.03"]
[Round "3.1"]
[White "San Claudio Gonzalez, Francisco Javier"]
[Black "Andres Gonzalez, Ivan"]
[Result "1-0"]
[WhiteElo "2311"]
[BlackElo "2234"]
[PlyCount "41"]
[EventDate "2002.02.24"]
[EventType "swiss"]
[EventRounds "9"]
[EventCountry "ESP"]
[SourceTitle "EXT 2003"]
[Source "ChessBase"]
[SourceDate "2002.11.25"]
[SourceVersion "1"]
[SourceVersionDate "2002.11.25"]
[SourceQuality "1"]

1. e4 e5 2. Nf3 Nc6 3. d4 exd4 4. Bc4 Bc5 5. c3 Nf6 6. 0-0 Nxe4 7. cxd4 d5 8. dxc5 dxc4 9. Qe2 Qe7 10. Qxc4 Nxc5 11. b4 Ne6 12. Ba3 a6 13. Nc3 Qd6 14. Ne4 Qf4 15. Rfe1 0-0 16. Qc3 Rd8 17. Bb2 Ned4 18. Nxd4 Nxd4 19. Rad1 Ne2+ 20. Kf1 Rd4 21. Rxd4 1-0

[Event "Asturias-ch Preferente"]
[Site "Gijon"]
[Date "2002.02.24"]
[Round "1.1"]
[White "San Claudio Gonzalez, Francisco Javier"]
[Black "Fernandez Palacio, Eduardo"]
[Result "1-0"]
[WhiteElo "2311"]
[BlackElo "2073"]
[PlyCount "53"]
[EventDate "2002.02.24"]
[EventType "swiss"]
[EventRounds "9"]
[EventCountry "ESP"]
[SourceTitle "EXT 2003"]
[Source "ChessBase"]
[SourceDate "2002.11.25"]
[SourceVersion "1"]
[SourceVersionDate "2002.11.25"]
[SourceQuality "1"]

1. e4 e6 2. d4 d5 3. Nd2 c5 4. Ngf3 Nc6 5. dxc5 Bxc5 6. Bd3 Nf6 7. 0-0 dxe4 8. Nxe4 Nxe4 9. Bxe4 Qxd1 10. Rxd1 f6 11. Bxc6+ bxc6 12. Nd4 Bd7 13. Be3 e5 14. Ne6 Bxe3 15. Nc7+ Kd8 16. Nxa8 Bc5 17. b4 Bd4 18. Rac1 Bb2 19. Rb1 Bd4 20. Rb3 Kc8 21. c3 Be6 22. Ra3 Bxf2+ 23. Kxf2 Kb7 24. Nc7 Kxc7 25. Rxa7+ Kb6 26. Rxg7 Kb5 27. Rd6 1-0

[Event "Asturias-ch Preferente"]
[Site "Norena"]
[Date "2001.03.10"]
[Round "4.1"]
[White "San Claudio Gonzalez, Francisco Javier"]
[Black "Roiz Baztan, David"]
[Result "1/2-1/2"]
[WhiteElo "2311"]
[BlackElo "2339"]
[PlyCount "120"]
[EventDate "2001.02.17"]
[EventType "swiss"]
[EventRounds "9"]
[EventCountry "ESP"]
[SourceTitle "EXT 2002"]
[Source "ChessBase"]
[SourceDate "2001.11.25"]
[SourceVersion "1"]
[SourceVersionDate "2001.11.25"]
[SourceQuality "1"]

1. e4 c5 2. Nc3 Nc6 3. Bb5 Nd4 4. Bc4 e6 5. d3 a6 6. a4 Ne7 7. Nge2 Nec6 8. 0-0 Be7 9. Nxd4 cxd4 10. Ne2 0-0 11. Bd2 b6 12. c3 Bf6 13. cxd4 Nxd4 14. Bc3 Nxe2+ 15. Qxe2 Bb7 16. Bb3 Rc8 17. Rac1 Bxc3 18. bxc3 d5 19. f3 d4 20. c4 Rc5 21. f4 Bc6 22. Qb2 Qd7 23. Bd1 Rb8 24. Qb4 Rb7 25. Rf2 g6 26. Ra1 Kg7 27. Bf3 Qe7 28. e5 Bxf3 29. Rxf3 Ra5 30. Rb1 Qd7 31. Ra1 Qe7 32. Qxe7 Rxe7 33. Rff1 g5 34. g3 gxf4 35. gxf4 Rc7 36. Kg2 f6 37. exf6+ Kxf6 38. Rfb1 Rc6 39. Kf3 e5 40. Rb4 exf4 41. Rab1 Kf5 42. Rxb6 Rxb6 43. Rxb6 Re5 44. Kf2 Re3 45. Rxa6 Rxd3 46. Rh6 Re3 47. Rxh7 d3 48. c5 Ke4 49. Re7+ Kd5 50. Rd7+ Kxc5 51. a5 Kc4 52. a6 Re2+ 53. Kf3 Rxh2 54. a7 Rh8 55. Kxf4 Kc3 56. Rc7+ Kd2 57. Rb7 Rh4+ 58. Kf3 Ra4 59. Rh7 Kc2 60. Rh2+ Kd1 1/2-1/2

[Event "Asturias-ch"]
[Site "Asturias"]
[Date "2001.??.??"]
[Round "9"]
[White "San Claudio Gonzalez, Francisco Javier"]
[Black "Llaneza Vega, Patricia"]
[Result "1-0"]
[WhiteElo "2312"]
[BlackElo "2201"]
[PlyCount "69"]
[EventDate "2001.??.??"]
[EventType "swiss"]
[EventRounds "11"]
[EventCountry "ESP"]
[SourceTitle "EXT 2003"]
[Source "ChessBase"]
[SourceDate "2002.11.25"]
[SourceVersion "1"]
[SourceVersionDate "2002.11.25"]
[SourceQuality "1"]

1. e4 c5 2. c3 Nf6 3. e5 Nd5 4. d4 cxd4 5. Nf3 Nc6 6. cxd4 d6 7. Nc3 Nxc3 8. bxc3 dxe5 9. d5 e4 10. Ng5 Ne5 11. Nxe4 e6 12. Qa4+ Bd7 13. Qd4 Ng6 14. dxe6 Bxe6 15. Bb5+ Bd7 16. Bg5 Qc7 17. Qe3 Be7 18. Bxd7+ Qxd7 19. Rd1 Qc7 20. Nd6+ Kf8 21. Bxe7+ Qxe7 22. 0-0 Qxe3 23. fxe3 f6 24. Nxb7 Ke7 25. Rd4 Ne5 26. Nd6 Rhb8 27. Nc4 Rc8 28. Nxe5 fxe5 29. Rb4 Rxc3 30. Rb7+ Ke6 31. Rxg7 Rxe3 32. Rxh7 Re2 33. a3 a5 34. Rh6+ Ke7 35. Rb1 1-0

[Event "Asturias CupT"]
[Site "Asturias"]
[Date "2000.05.27"]
[Round "3"]
[White "Alvarez Fernandez, Enrique"]
[Black "San Claudio Gonzalez, Francisco Javier"]
[Result "0-1"]
[WhiteElo "2170"]
[BlackElo "2277"]
[PlyCount "40"]
[EventDate "2000.??.??"]
[EventType "k.o."]
[EventRounds "6"]
[EventCountry "ESP"]
[SourceTitle "EXT 2005"]
[Source "ChessBase"]
[SourceDate "2004.11.15"]
[SourceVersion "1"]
[SourceVersionDate "2004.11.15"]
[SourceQuality "1"]

1. e4 e5 2. Nf3 Nc6 3. Bb5 a6 4. Bxc6 dxc6 5. 0-0 Bg4 6. h3 Bh5 7. g4 Bg6 8. Nxe5 f6 9. Nxg6 hxg6 10. Qf3 Qd7 11. d3 0-0-0 12. Bf4 Ne7 13. Qe3 Kb8 14. Kg2 g5 15. Bg3 Ng6 16. Nd2 Bd6 17. Nf3 Rxh3 18. Kxh3 Nf4+ 19. Kh2 Qxg4 20. Kg1 Rh8 0-1

[Event "Asturias-ch Preferente"]
[Site "Gijon"]
[Date "2000.??.??"]
[Round "2"]
[White "San Claudio Gonzalez, Francisco Javier"]
[Black "Corredor Pravia, Marcelino Vicente"]
[Result "1-0"]
[WhiteElo "2277"]
[BlackElo "2059"]
[PlyCount "63"]
[EventDate "2000.02.12"]
[EventType "swiss"]
[EventRounds "9"]
[EventCountry "ESP"]
[SourceTitle "EXT 2001"]
[Source "ChessBase"]
[SourceDate "2000.11.22"]
[SourceVersion "1"]
[SourceVersionDate "2000.11.22"]
[SourceQuality "1"]

1. e4 e5 2. Nf3 d6 3. d4 exd4 4. Bc4 Be7 5. Nxd4 Nf6 6. Nc3 0-0 7. 0-0 h6 8. Re1 Bg4 9. f3 Bd7 10. Be3 a6 11. Qd2 b5 12. Bf1 Nc6 13. Rad1 Qc8 14. Nd5 Bd8 15. c4 Ne5 16. cxb5 axb5 17. Nxb5 Nxd5 18. exd5 Rxa2 19. Na3 Qb8 20. Bd4 Bf6 21. Qc3 Ba4 22. Rd2 Rc8 23. f4 c6 24. Ba6 Rc7 25. fxe5 cxd5 26. Qa5 dxe5 27. Qxa4 Re7 28. Bc5 Rc7 29. Qb4 Qa8 30. Bb5 Rc8 31. Bf2 Rb8 32. Red1 1-0

[Event "Asturias-ch Preferente"]
[Site "Gijon"]
[Date "2000.??.??"]
[Round "4"]
[White "San Claudio Gonzalez, Francisco Javier"]
[Black "Menendez Rey, Francisco Javier"]
[Result "1/2-1/2"]
[WhiteElo "2277"]
[BlackElo "2200"]
[PlyCount "91"]
[EventDate "2000.02.12"]
[EventType "swiss"]
[EventRounds "9"]
[EventCountry "ESP"]
[SourceTitle "EXT 2001"]
[Source "ChessBase"]
[SourceDate "2000.11.22"]
[SourceVersion "1"]
[SourceVersionDate "2000.11.22"]
[SourceQuality "1"]

1. e4 Nf6 2. e5 Nd5 3. d4 d6 4. Nf3 Bg4 5. Be2 c6 6. 0-0 Bxf3 7. Bxf3 dxe5 8. dxe5 e6 9. Qe2 Nd7 10. c4 Ne7 11. Bf4 Ng6 12. Bg3 Qg5 13. Bh5 Nf4 14. Bxf7+ Kxf7 15. Qd2 Nxe5 16. Qxf4+ Qxf4 17. Bxf4 Nxc4 18. Rd1 Nb6 19. Nd2 Be7 20. Nf3 Bf6 21. Ng5+ Bxg5 22. Bxg5 Nd5 23. Rd3 h6 24. Bh4 Rhe8 25. Rb3 b6 26. Rc1 Rac8 27. Bg3 c5 28. Be5 Re7 29. Rg3 Kg8 30. Rc4 Rd7 31. h4 Rf8 32. Rg6 Nf6 33. Rf4 Kh7 34. Rg3 Rd1+ 35. Kh2 Re1 36. Bc3 Re2 37. Kg1 Rf7 38. Rgf3 e5 39. Rf5 Re7 40. Kf1 Re4 41. Re3 Rxe3 42. fxe3 Ng4 43. Ke2 g6 44. Rf8 Kg7 45. Rc8 h5 46. a4 1/2-1/2

[Event "Asturias-chT40 Preferente"]
[Site "Asturias"]
[Date "1999.??.??"]
[Round "3"]
[White "Andres Gonzalez, Alberto"]
[Black "San Claudio Gonzalez, Francisco Javier"]
[Result "1-0"]
[WhiteElo "2304"]
[BlackElo "2273"]
[PlyCount "121"]
[EventDate "1999.10.16"]
[EventType "team"]
[EventRounds "11"]
[EventCountry "ESP"]
[SourceTitle "EXT 2001"]
[Source "ChessBase"]
[SourceDate "2000.11.22"]
[SourceVersion "1"]
[SourceVersionDate "2000.11.22"]
[SourceQuality "1"]

1. d4 Nf6 2. c4 g6 3. Nc3 d5 4. cxd5 Nxd5 5. Na4 Bg7 6. e4 Nb4 7. a3 N4a6 8. Be3 0-0 9. Nf3 b6 10. Qc2 Bd7 11. Rd1 Qc8 12. Nc3 c6 13. Be2 Be6 14. 0-0 Nc7 15. Na4 Ne8 16. Rc1 Nd6 17. Ng5 Bd7 18. f4 h6 19. Nf3 Nxe4 20. Bd3 Nd6 21. Ne5 Bf5 22. Bf2 Bxd3 23. Qxd3 Qf5 24. Qxf5 Nxf5 25. Rfd1 Bxe5 26. dxe5 e6 27. Nc3 Ne7 28. b4 Rc8 29. Bh4 Kf8 30. Ne4 Nd5 31. Nd6 Rc7 32. f5 Nd7 33. fxe6 fxe6 34. Rf1+ Kg8 35. Nf7 Kg7 36. Nd8 Rcc8 37. Rf7+ Kg8 38. Rxd7 g5 39. Nxc6 gxh4 40. Rxd5 Rxc6 41. Rxc6 exd5 42. Rxh6 Re8 43. Rxh4 Rxe5 44. Kf2 Kg7 45. Rf4 Kg6 46. g4 Re7 47. Rd4 Kg5 48. Kf3 Re5 49. Rf4 Re7 50. Rf5+ Kg6 51. Rxd5 Rc7 52. Rd3 Kg5 53. Kg3 Rc1 54. h4+ Kf6 55. g5+ Kf5 56. Rf3+ Ke4 57. Kg4 Rg1+ 58. Rg3 Rd1 59. g6 Rd8 60. g7 Rg8 61. Kh5 1-0

[Event "Asturias-chT40 Preferente"]
[Site "Asturias"]
[Date "1999.??.??"]
[Round "7"]
[White "Diaz Suarez, Hugo"]
[Black "San Claudio Gonzalez, Francisco Javier"]
[Result "0-1"]
[WhiteElo "2180"]
[BlackElo "2273"]
[PlyCount "78"]
[EventDate "1999.10.16"]
[EventType "team"]
[EventRounds "11"]
[EventCountry "ESP"]
[SourceTitle "EXT 2001"]
[Source "ChessBase"]
[SourceDate "2000.11.22"]
[SourceVersion "1"]
[SourceVersionDate "2000.11.22"]
[SourceQuality "1"]

1. d4 Nf6 2. Nf3 g6 3. c4 Bg7 4. g3 d5 5. cxd5 Qxd5 6. Nc3 Qh5 7. h3 0-0 8. Bg2 Qa5 9. Bd2 c6 10. a3 Be6 11. b4 Qd8 12. e3 a5 13. 0-0 axb4 14. axb4 Na6 15. Rb1 Bc4 16. Re1 Nd5 17. Nxd5 cxd5 18. b5 Nc7 19. b6 Nb5 20. Ne5 Bxe5 21. dxe5 Qxb6 22. Bb4 Qe6 23. f4 Ra2 24. Qg4 f5 25. exf6 Qxf6 26. Qd7 Qc6 27. Qxe7 Re8 28. Qc5 Rc8 29. Qe7 Re8 30. Qc5 Rc8 31. Qe7 b6 32. Rbd1 Re8 33. Qg5 Nc7 34. Qg4 Qa4 35. Bc3 Qc2 36. Bd2 Bb3 37. Qf3 Qd3 38. Bc1 Bxd1 39. Rxd1 Qe4 0-1

[Event "Asturias-ch"]
[Site "Gijon"]
[Date "1999.??.??"]
[Round "9"]
[White "San Claudio Gonzalez, Francisco Javier"]
[Black "Acebal Muniz, Antonio"]
[Result "0-1"]
[WhiteElo "2287"]
[BlackElo "2260"]
[PlyCount "175"]
[EventDate "1999.??.??"]
[EventType "swiss"]
[EventRounds "9"]
[EventCountry "ESP"]
[SourceTitle "EXT 2001"]
[Source "ChessBase"]
[SourceDate "2000.11.22"]
[SourceVersion "1"]
[SourceVersionDate "2000.11.22"]
[SourceQuality "1"]

1. e4 e5 2. Nf3 Nc6 3. d4 exd4 4. Bc4 Nf6 5. Ng5 Ne5 6. Qxd4 Nxc4 7. Qxc4 d5 8. exd5 Qxd5 9. Qe2+ Be7 10. 0-0 Bg4 11. f3 Bf5 12. Nc3 Qc6 13. Bf4 h6 14. Rae1 Ng8 15. Nge4 Be6 16. Nb5 Bc4 17. Qxc4 Qxc4 18. Ned6+ cxd6 19. Nxd6+ Kf8 20. Nxc4 Rc8 21. Ne3 Bc5 22. Kh1 g5 23. Be5 f6 24. Bc3 Rh7 25. Nf5 Rd7 26. g4 b5 27. Re4 Kf7 28. Rfe1 Bf8 29. R1e2 Ne7 30. Rxe7+ Bxe7 31. Rxe7+ Rxe7 32. Nd6+ Ke6 33. Nxc8 Rc7 34. Nxa7 Rxa7 35. a3 Rd7 36. Bb4 Rd1+ 37. Kg2 Rb1 38. b3 Rb2 39. Kg3 Rxc2 40. a4 bxa4 41. bxa4 Rc4 42. Bf8 Kf7 43. Bd6 Rxa4 44. h4 Rd4 45. Bc7 Rc4 46. Bd6 Rd4 47. Bc7 Ke6 48. hxg5 hxg5 49. Bb6 Rd2 50. Be3 Re2 51. Bc1 Rc2 52. Be3 Kd5 53. Bb6 Rc6 54. Ba5 Kd4 55. Kf2 Rc2+ 56. Kg3 Kd3 57. Bd8 Rc6 58. Be7 Ke2 59. Kg2 Rb6 60. Bd8 Re6 61. Bc7 Re8 62. Bd6 Re3 63. f4 Rd3 64. Bc7 Rd7 65. Bb8 Rg7 66. Kg3 Ke3 67. fxg5 fxg5 68. Bd6 Rd7 69. Bb8 Rb7 70. Bd6 Rb5 71. Bc7 Ke4 72. Bd6 Rb6 73. Bc7 Rb7 74. Bd6 Kd5 75. Bf8 Rb3+ 76. Kg2 Ke5 77. Bc5 Kf4 78. Bf2 Kxg4 79. Bd4 Rg3+ 80. Kf2 Rd3 81. Be5 Rd2+ 82. Kg1 Rc2 83. Kf1 Kf3 84. Kg1 g4 85. Kh1 g3 86. Bd4 Rc1+ 87. Bg1 Rxg1+ 88. Kxg1 0-1